[Event "AUTO-INT-454"]
[Site "http://www.queenalice.com/game.php?id=210479"]
[Date "2007.5.13"]
[Round "1"]
[White "Lightningzap007"]
[Black "marius"]
[Result "1-0"]
[WhiteElo "1574"]
[BlackElo "1643"]

1. d4 e5 2. e4 exd4 3. Qxd4 Nc6 4. Qe3 g6 5. Nc3 Bg7 6. Bd2 Nd4 7. O-O-O d6 8.
Nge2 c5 9. Qd3 Ne7 10. Nxd4 cxd4 11. Ne2 O-O 12. Nxd4 Qb6 13. Be3 Nc6 14. Nb3
1-0

[Event "AUTO-INT-454"]
[Site "http://www.queenalice.com/game.php?id=210480"]
[Date "2007.5.13"]
[Round "1"]
[White "marius"]
[Black "Lightningzap007"]
[Result "0-1"]
[WhiteElo "1631"]
[BlackElo "1562"]

1. e4 c5 2. Bc4 Nc6 3. Nf3 d6 4. c3 g6 5. d3 Bg7 6. Be3 a6 7. Nbd2 b5 8. Bd5 Bb7
9. b4 cxb4 10. Ng5 e6 11. Qf3 Bf6 12. Bxc6+ Bxc6 13. Bd4 bxc3 14. Bxf6 cxd2+ 15.
Kxd2 Qxf6 16. Qxf6 Nxf6 0-1

[Event "AUTO-INT-454"]
[Site "http://www.queenalice.com/game.php?id=210497"]
[Date "2007.5.13"]
[Round "1"]
[White "marius"]
[Black "ricardosf"]
[Result "1-0"]
[WhiteElo "1692"]
[BlackElo "1342"]

1. e4 d5 2. e5 h5 3. d4 Bg4 4. f3 Nh6 5. fxg4 hxg4 6. Bxh6 Rxh6 7. Qxg4 f6 8.
exf6 gxf6 9. Nf3 c6 10. Nc3 b5 11. b4 Na6 12. a3 Nc7 13. Bd3 e6 14. O-O f5 15.
Qf4 a5 16. Ne5 axb4 17. Nxc6 Qc8 18. Nxb5 bxa3 19. Nd6+ Bxd6 20. Qxd6 Nb5 21.
Qe7# 1-0

[Event "AUTO-INT-454"]
[Site "http://www.queenalice.com/game.php?id=210498"]
[Date "2007.5.13"]
[Round "1"]
[White "ricardosf"]
[Black "marius"]
[Result "1-0"]
[WhiteElo "1382"]
[BlackElo "1694"]

1. e3 e5 2. f4 e4 3. c4 Bc5 4. Nc3 c6 5. Nxe4 Qe7 6. d4 Bb4+ 7. Ke2 Qxe4 8. d5
Qxc4+ 9. Kf2 Nf6 10. Bxc4 O-O 11. dxc6 Nxc6 12. a3 Bc5 13. b4 Bb6 14. b5 Na5 15.
Bd3 d6 16. h4 Re8 17. h5 Ng4+ 18. Kg3 1-0

[Event "Challenge"]
[Site "http://www.queenalice.com/game.php?id=213976"]
[Date "2007.5.20"]
[Round "-"]
[White "marius"]
[Black "juim"]
[Result "1-0"]
[WhiteElo "1692"]
[BlackElo "1652"]

1. e4 e5 2. Bc4 d6 3. Nf3 Nf6 4. d3 Ng4 5. h3 Nf6 6. Bg5 Be7 7. c3 h6 8. Bxf6
Bxf6 9. Nbd2 Nc6 10. O-O Bd7 11. Qb3 Qe7 12. Bd5 O-O 13. Nc4 Be6 14. Qxb7 Rfb8
15. Qxc6 Bxd5 16. Qxd5 Rc8 17. d4 exd4 18. Nxd4 Qd7 19. e5 c6 20. Qxd6 Qb7 21.
exf6 g6 22. Ne5 Rd8 23. Qe7 Qxe7 24. fxe7 Rdc8 25. Rfe1 Rc7 26. Ndxc6 f6 27.
Nxg6 Rxc6 28. e8=Q+ Rxe8 29. Rxe8+ Kf7 30. Rae1 Kxg6 31. Rg8+ Kf5 32. g4+ Kf4
33. Rge8 Rc4 34. Kg2 Ra4 35. f3 Kg5 36. Kg3 Kg6 37. Rg8+ Kf7 38. Ree8 f5 39. Rc8
f4+ 40. Kh4 Rxa2 41. Rh8 Ra5 42. Rxh6 Kg7 43. Rd6 Rb5 44. Rc7+ Kf8 45. Rd8# 1-0

[Event "Challenge"]
[Site "http://www.queenalice.com/game.php?id=213977"]
[Date "2007.5.20"]
[Round "-"]
[White "juim"]
[Black "marius"]
[Result "1-0"]
[WhiteElo "1726"]
[BlackElo "1696"]

1. e4 c5 2. Bc4 Nc6 3. Nf3 e6 4. Bb5 Nge7 5. O-O g6 6. Ng5 Bg7 7. Qf3 O-O 8. Qh3
h6 9. Nf3 a6 10. Be2 d5 11. e5 Qc7 12. d3 h5 13. Bg5 Nf5 14. Nh4 Nxe5 15. Nxf5
exf5 16. Nc3 f4 17. Qh4 f3 18. Bxf3 Nxf3+ 19. gxf3 f6 20. Nxd5 Qe5 21. Qc4 Qxg5+
22. Kh1 Kh7 23. Nb6 Rb8 24. Qe4 Bf5 25. Qd5 Qh4 26. Qxc5 Bh3 27. Rfe1 Rfe8 28.
Nd5 Rxe1+ 29. Rxe1 f5 30. Re7 Qg5 31. Ne3 b6 32. Rxg7+ Kxg7 33. Qc7+ Kh6 34.
Qxb8 Qf6 35. c3 f4 36. Nd5 Qc6 37. c4 g5 38. Qh8+ Kg6 39. Ne7+ 1-0

[Event "Challenge"]
[Site "http://www.queenalice.com/game.php?id=214088"]
[Date "2007.5.21"]
[Round "-"]
[White "alexnu"]
[Black "marius"]
[Result "1-0"]
[WhiteElo "1854"]
[BlackElo "1677"]

1. g4 d5 2. Bg2 c6 3. h3 Nd7 4. d4 e6 5. Nf3 g6 6. h4 c5 7. h5 Ngf6 8. hxg6 fxg6
9. Bg5 cxd4 10. Qxd4 Bg7 11. Ne5 Nxe5 12. Qxe5 O-O 13. Qg3 Ne4 14. Bxd8 Nxg3 15.
Rh3 Nxe2 16. Be7 Rxf2 17. Kxf2 Bxb2 18. Kxe2 Bxa1 19. Nd2 b6 20. Nf3 Ba6+ 21.
Ke3 Re8 22. Bd6 Rd8 23. Be5 Bxe5 24. Nxe5 d4+ 25. Kd2 Rc8 26. Ra3 Bb5 27. Rxa7
Rf8 28. Bf3 Rc8 29. Ra8 Rxa8 30. Bxa8 Kf8 31. Nc6 Bxc6 32. Bxc6 Ke7 33. Kd3 e5
34. Ke4 Kd6 35. Bd5 h5 36. gxh5 gxh5 37. Bc4 h4 38. Bf1 Ke6 39. Bh3+ Kf6 40. a4
1-0

[Event "AUTO-INT-476"]
[Site "http://www.queenalice.com/game.php?id=218225"]
[Date "2007.5.30"]
[Round "1"]
[White "marius"]
[Black "Milton"]
[Result "0-1"]
[WhiteElo "1654"]
[BlackElo "1624"]

1. c4 c5 2. d3 Nc6 3. Nc3 g6 4. g3 Nf6 5. Bg2 Bg7 6. Nf3 e6 7. O-O O-O 8. Re1 b6
9. e4 Qc7 10. Nb5 Qb7 11. Nd6 Qc7 12. e5 Nxe5 13. Nxc8 Raxc8 14. Nxe5 d6 15. Nc6
d5 16. cxd5 exd5 17. Ne7+ Kh8 18. Nxc8 Qxc8 19. Bxd5 Nxd5 20. Qb3 Qf5 0-1

[Event "AUTO-INT-476"]
[Site "http://www.queenalice.com/game.php?id=218226"]
[Date "2007.5.30"]
[Round "1"]
[White "Milton"]
[Black "marius"]
[Result "0-1"]
[WhiteElo "1641"]
[BlackElo "1625"]

1. e4 c5 2. Nf3 Nc6 3. d4 cxd4 4. Nxd4 Nf6 5. Bc4 e5 6. Nf5 Nxe4 7. Qg4 d5 8.
Bb5 g6 9. Qf3 Bxf5 10. Nc3 Bg7 11. O-O O-O 12. Rd1 Nd4 13. Qd3 Nxf2 14. Kxf2
Bxd3 15. Bxd3 e4 16. Be2 Qh4+ 17. Kg1 Rac8 18. Be3 Nxc2 19. Rac1 Nxe3 20. Rd4
Bxd4 21. g3 Nf5+ 22. Kg2 Nxg3 23. Nxd5 Nxe2 24. Rf1 Qg4+ 25. Kh1 Rc1 0-1

[Event "AUTO-INT-476"]
[Site "http://www.queenalice.com/game.php?id=218227"]
[Date "2007.5.30"]
[Round "1"]
[White "marius"]
[Black "Random314"]
[Result "1-0"]
[WhiteElo "1681"]
[BlackElo "1564"]

1. e4 c5 2. Bc4 Nf6 3. d3 e5 4. Nf3 d6 5. Bg5 Nbd7 6. Nc3 Be7 7. Bxf6 Bxf6 8.
Nd5 a6 9. a4 O-O 10. O-O b6 11. Re1 a5 12. Re2 Bb7 13. Qd2 h6 14. Rae1 Bg5 15.
Nxg5 Qxg5 16. Qxg5 hxg5 17. Re3 g4 18. Rg3 Nf6 19. Nxf6+ gxf6 20. Rxg4+ Kh8 21.
Re3 1-0

[Event "AUTO-INT-476"]
[Site "http://www.queenalice.com/game.php?id=218228"]
[Date "2007.5.30"]
[Round "1"]
[White "Random314"]
[Black "marius"]
[Result "1-0"]
[WhiteElo "1602"]
[BlackElo "1643"]

1. e4 c5 2. f4 d6 3. Nc3 Nc6 4. Bb5 Nf6 5. h3 e6 6. d3 a6 7. Bxc6+ bxc6 8. Nf3
Be7 9. g4 Bb7 10. g5 Nh5 11. Na4 Qa5+ 12. c3 d5 13. e5 O-O 14. b4 cxb4 15. cxb4
Bxb4+ 16. Bd2 Bxd2+ 17. Nxd2 Nxf4 18. d4 Ng2+ 19. Kf2 Nf4 20. Nc5 Ra7 21. Ndb3
Qc3 22. Qd2 Nxh3+ 23. Kg2 Qxd2+ 24. Nxd2 Nxg5 25. Rh5 h6 26. Rb1 Bc8 27. Nf3
Nxf3 28. Kxf3 f6 29. exf6 Rxf6+ 30. Ke3 Raf7 31. Rb8 Rf3+ 32. Kd2 Rf2+ 33. Kc3
R7f3+ 34. Kb4 Rb2+ 35. Nb3 a5+ 36. Kc5 Rc2+ 37. Kd6 Rf8 38. Nxa5 Rxa2 39. Nxc6
Ra6 40. Kc7 Rf7+ 41. Kxc8 Rxc6+ 42. Kd8 1-0

[Event "AUTO-INT-476"]
[Site "http://www.queenalice.com/game.php?id=218229"]
[Date "2007.5.30"]
[Round "1"]
[White "marius"]
[Black "IkeBroflovski"]
[Result "1-0"]
[WhiteElo "1642"]
[BlackElo "1615"]

1. e4 e6 2. d4 d5 3. e5 b6 4. c4 Bb7 5. Nc3 Ne7 6. Nf3 dxc4 7. Bxc4 Nd5 8. O-O
Be7 9. Re1 Nxc3 10. bxc3 c5 11. Re2 O-O 12. Qc2 Nc6 13. Bf4 cxd4 14. Rd1 Qc7 15.
Nxd4 Nxd4 16. cxd4 Rfc8 17. Bd3 Qxc2 18. Bxc2 Bd5 19. Bd3 Rc3 20. h3 Rac8 21.
Kh1 g5 22. Be3 Kg7 23. f4 f6 24. exf6+ 1-0

[Event "AUTO-INT-476"]
[Site "http://www.queenalice.com/game.php?id=218230"]
[Date "2007.5.30"]
[Round "1"]
[White "IkeBroflovski"]
[Black "marius"]
[Result "1-0"]
[WhiteElo "1556"]
[BlackElo "1706"]

1. Nf3 d5 2. d4 Nc6 3. c4 Nf6 4. cxd5 Qxd5 5. Nc3 Qd8 6. d5 Nb4 7. e4 Bg4 8.
Qa4+ Qd7 9. Qxb4 Bxf3 10. Qxb7 Qd8 11. Bb5+ Nd7 12. Bxd7+ Kxd7 13. Qc6+ 1-0

[Event "Challenge"]
[Site "http://www.queenalice.com/game.php?id=265371"]
[Date "2007.9.2"]
[Round "-"]
[White "marius"]
[Black "kleopatra"]
[Result "0-1"]
[WhiteElo "1631"]
[BlackElo "1844"]

1. e4 e5 2. Bc4 Nf6 3. d3 h6 4. c3 d6 5. Be3 Be7 6. Nf3 O-O 7. O-O Be6 8. Nbd2
Nc6 9. Re1 a6 10. d4 b5 11. d5 bxc4 0-1